Football: Plus grosses victoires de l'équipe de France - Statistiques

Statistiques générales
  • Ce quiz a été pris 472 fois
    212 depuis la dernière actualisation
  • Le résultat moyen est 10 sur 27
Statistiques - réponses
Réponse % Correct
Gibraltar
92%
Luxembourg
57%
Belgique
52%
Kazakhstan
49%
Azerbaïdjan
46%
Etats Unis
45%
Ukraine
44%
Islande
41%
Jamaïque
41%
Australie
39%
Ecosse
38%
Grèce
38%
Japon
36%
Chypre
35%
Corée du Sud
32%
Iles Féroé
32%
Malte
30%
Albanie
27%
Pays de Galles
27%
Afrique du Sud
26%
Lettonie
26%
Nouvelle-Zélande
23%
Slovénie
23%
Paraguay
22%
Chili
21%
Bulgarie
19%
Egypte
12%
Aucun quiz correspondant
Distribution des résultats
% des personnes avec chaque résultat
Percentile par nombre de réponses
Votre historique - résultats
Vous n’avez pas pris ce quiz depuis la dernière actualisation